Le Cerveau des émotions : Et autres récits de neurologie quotidienne (notice n° 2113761)

détails MARC
000 -LEADER
fixed length control field 01318cam a2200145 4500500
005 - DATE AND TIME OF LATEST TRANSACTION
control field 20260405014523.0
041 ## - LANGUAGE CODE
Language code of text/sound track or separate title fre
042 ## - AUTHENTICATION CODE
Authentication code dc
100 10 - MAIN ENTRY--PERSONAL NAME
Personal name LeDoux, Joseph
Relator term author
245 00 - TITLE STATEMENT
Title Le Cerveau des émotions : Et autres récits de neurologie quotidienne
260 ## - PUBLICATION, DISTRIBUTION, ETC.
Name of publisher, distributor, etc. Odile Jacob,<br/>
Date of publication, distribution, etc. 2005.<br/>
520 ## - SUMMARY, ETC.
Summary, etc. Comment peut-on sourire sans lèvres ? Pourquoi un traumatisme condamne-t-il à la répétition ?Qu’est-ce que perdre la raison ?Comment en arrive-t-on à ne plus penser ce qu’on dit ni à dire ce qu’on pense ?Pourquoi peut-on se sentir poursuivi par des voix menaçantes ?Comment parvient-on à isoler le cerveau des émotions ?Pourquoi peut-on voir sans en être conscient ? Comment planifions-nous nos actions ?Et comment contrôlons-nous nos mouvements ?Dans ces neuf histoires, Marc Jeannerod porte un regard clinique sur des personnes rencontrées dans la vie de tous les jours. Il décrit leur apparence ou leur comportement étranges et explique les troubles ou les lésions neurologiques qui altèrent leur aspect physique, leurs capacités mentales, leur lien social. Une réflexion émouvante sur la fragilité humaine.
700 10 - ADDED ENTRY--PERSONAL NAME
Personal name Kaldy, Pierre
Relator term author
856 41 - ELECTRONIC LOCATION AND ACCESS
Uniform Resource Identifier <a href="https://stm.cairn.info/le-cerveau-des-emotions--9782738116338?lang=fr&redirect-ssocas=7080">https://stm.cairn.info/le-cerveau-des-emotions--9782738116338?lang=fr&redirect-ssocas=7080</a>

Pas d'exemplaire disponible.

PLUDOC

PLUDOC est la plateforme unique et centralisée de gestion des bibliothèques physiques et numériques de Guinée administré par le CEDUST. Elle est la plus grande base de données de ressources documentaires pour les Étudiants, Enseignants chercheurs et Chercheurs de Guinée.

Adresse

627 919 101/664 919 101

25 boulevard du commerce
Kaloum, Conakry, Guinée

Réseaux sociaux

Powered by Netsen Group @ 2025